الإسلاميون و تحديات الحكم في أعقاب الثورات العربية / (رقم التسجيلة. 132394)

تفاصيل مارك
000 -الفاتح
عناصر البيانات ثابتة الطول 00805cam a2200193 i 4500
005 - تاريخ ووقت آخر معاملة
حقل ضبط 20251229124033.0
008 - عناصر البيانات ثابتة الطول
عناصر البيانات ثابتة الطول 250721s2012 jo gr 000 0 ara d
082 14 - رقم تصنيف ديوي العشري
رقم التصنيف 218.8
رقم المادة ا س ل
245 02 - بيان العنوان
العنوان الإسلاميون و تحديات الحكم في أعقاب الثورات العربية /
بيان المسؤولية تحرير حامد قويسي، عصام البشير ؛ المشاركون احمد الابيض و[ اربعة عشر آخرون].
250 ## - بيان الطبعة
بيان الطبعة الطبعة ااولى.
264 31 - بيانات النشر، التوزيع…إلخ
مكان النشر، التوزيع...إلخ عمان :
اسم الناشر، الموزع...إلخ مركز دراسات الشرق الاوسط،
تاريخ النشر، التوزيع...إلخ 2012.
300 ## - الوصف المادي
عدد الوحدات المكونة للوعاء 317 صفحة.
490 1# - بيان السلسلة
عنوان السلسلة ندوات ؛
رقم الوعاء في السلسلة رقم 63.
650 17 - مدخل إضافي بالموضوع - مصطلح موضوعي
مصطلح موضوعي أو اسم جغرافي كعنصر مدخل الثورات.
650 17 - مدخل إضافي بالموضوع - مصطلح موضوعي
مصطلح موضوعي أو اسم جغرافي كعنصر مدخل الاحزاب السياسية.
650 17 - مدخل إضافي بالموضوع - مصطلح موضوعي
مصطلح موضوعي أو اسم جغرافي كعنصر مدخل البلدان العربية.
942 ## - بيانات إضافية (كوها)
نوع التنصيف Dewey Decimal Classification
نوع المادة (كوها) كتب
المقتنيات
حالة السحب حالة الفقدان مصدر التصنيف حالة التلف غير قابل للإعارة المكتبة الرئيسية المكتبة الحالية موقع الرف تاريخ التزويد الرقم المتسلسل Total Checkouts رقم الإستدعاء الباركود تاريخ آخر ظهور تاريخ الفاتورة نوع المادة (كوها)
    Dewey Decimal Classification     المكتبة المركزية المكتبة المركزية الإعارة 28/07/2025 1613541   218.8 / ا س ل PLD00352542 28/07/2025 28/07/2025 كتب
    Dewey Decimal Classification     المكتبة المركزية المكتبة المركزية الإعارة 12/11/2015 1613706   218.8 / ا س ل PLD00364226 28/07/2025 12/11/2015 كتب
    Dewey Decimal Classification     المكتبة المركزية المكتبة المركزية الإعارة 15/11/2015 1613709   218.8 / ا س ل PLD00364705 28/07/2025 15/11/2015 كتب
Implemented & Customized by: BBB with SCIT (Smart Chains for Information Technology)

Powered by Koha